- Portellano, José Antonio
Entry Nombre Personal
001 - NUMERO DE CONTROL
- campo de control: 29581
003 - IDENTIFICADOR DE NUMERO DE CONTROL
- campo de control: UPN
005 - FECHA Y HORA DE LA ÜLTIMA TRANSACCIÓN
- campo de control: 20220327184933.0
008 - DATOS DE LONGITUD FIJA
- campo de control de longitud fija: nabaccnnaabn|||||||||| b |nc|||||d
010 ## - NÚMERO DE CONTROL DE LA BIBLIOTECA DEL CONGRESO
- Número de control LC: no2007100037
035 ## - NUMERO DE CONTROL
- Número de control: (CaEvSKY)skya8226638
035 ## - NUMERO DE CONTROL
- Número de control: (OCoLC)oca07507651
040 ## - FUENTE DE CATALOGACIÓN
- Lenguaje de catalogación: spa
- Agencia de transcripción: MX-StUAC
- Agencia original de catalogación: MX-StUAC
- Agencia que lo modifica: MX-StUAC
- Agencia que lo modifica: MX-SlUA
- Agencia que lo modifica: OCoLC
- Agencia que lo modifica: MX-MxUPN
- Description conventions: rda
100 1# - ENCABEZAMIENTO - NOMBRE PERSONAL
- Nombre personal: Portellano, José Antonio
373 ## - GRUPO ASOCIADO
- Associated group: Universidad Complutense de Madrid
374 ## - OCUPACIÓN
- Occupation: Neuropsicólogo
374 ## - OCUPACIÓN
- Occupation: Profesor universitario
375 ## - GÉNERO
- Gender: masculino
377 ## - LENGUA ASOCIADA
- Language code: spa
400 1# - VEÁSE - NOMBRE DE PERSONA
- Personal name: Portellano Pérez, José Antonio
400 1# - VEÁSE - NOMBRE DE PERSONA
- Personal name: Pérez, José Antonio Portellano
670 ## - FUENTE EN LA QUE SE LOCALIZARON DATOS
- Cita de la fuente: T
- Información localizada: Rehabilitación de la disgrafía 1
670 ## - FUENTE EN LA QUE SE LOCALIZARON DATOS
- Cita de la fuente: Introducción a la neuropsicología, 2005:
- Información localizada: portada (José Antonio Portellano) solapa delantera (José Antonio Portellano Pérez; Universidad Complutense de Madrid; Neuropsychologist; College teacher)
670 ## - FUENTE EN LA QUE SE LOCALIZARON DATOS
- Cita de la fuente: En su obra: Fracaso escolar, 2000:
- Información localizada: portada (José Antonio Portellano Pérez, Doctor en Psicología. Profesor del Departamento de Psicobiología en la Facultad de Psicología. Universidad Complutense. Psicólogo Clínico del Hospital Instituto San José)
902 ## - CATALOGADOR
- Catalogador: DAA/160608
